Gestion des ressources genetiques des plantes. Tome 2: Manuel
Wedi'i Gadw mewn:
| Prif Awdur: | |
|---|---|
| Fformat: | Llyfr |
| Iaith: | Undetermined |
| Cyhoeddwyd: |
Paris
Agence de Coopération Culturelle et technique
1984
|
| Pynciau: | |
| Tagiau: |
Ychwanegu Tag
Dim Tagiau, Byddwch y cyntaf i dagio'r cofnod hwn!
|
| Thư viện lưu trữ: | Trung tâm Học liệu Trường Đại học Cần Thơ |
|---|
| LEADER | 00554nam a2200181Ia 4500 | ||
|---|---|---|---|
| 001 | CTU_38583 | ||
| 008 | 210402s9999 xx 000 0 und d | ||
| 082 | |a 581.15 | ||
| 082 | |b P452 | ||
| 100 | |a J Pernes | ||
| 245 | 0 | |a Gestion des ressources genetiques des plantes. Tome 2: Manuel | |
| 245 | 0 | |c J Pernes, A Charrier, D Combes | |
| 260 | |a Paris | ||
| 260 | |b Agence de Coopération Culturelle et technique | ||
| 260 | |c 1984 | ||
| 650 | |a plant genetics,plants | ||
| 904 | |i Sáng, 970906 | ||
| 980 | |a Trung tâm Học liệu Trường Đại học Cần Thơ | ||